根据城墙地图写出清代各省城 Name the Qing Dynasty provincial cities based on map - Statistics

General Stats
  • This quiz has been taken 92 times
  • The average score is 11 of 27
Answer Stats
Picture Answer % Correct
北京
96%
武汉
81%
南京
81%
长沙
70%
西安
68%
杭州
67%
苏州
48%
济南
44%
广州
41%
南昌
38%
乌里雅苏台
37%
开封
37%
兰州
37%
合肥
35%
沈阳
34%
迪化
32%
安庆
32%
成都
29%
桂林
25%
福州
24%
吉林
23%
太原
20%
贵阳
16%
昆明
14%
保定
13%
台北
11%
齐齐哈尔
10%
No matching quizzes found
Score Distribution
Percent of People with Each Score
Percentile by Number Answered
Your Score History
You have not taken this quiz